[Event "6. Copenhagen Open Politiken Cup"]
[Site "Copenhagen"]
[Date "1984.??.??"]
[Round "2"]
[White "Bator, Robert"]
[Black "Fette, Martin"]
[Result "1-0"]
[WhiteElo "2365"]
[BlackElo "2270"]
[PlyCount "65"]
[EventDate "1984.??.??"]
[EventType "swiss"]
[EventRounds "10"]
[EventCountry "DEN"]
[SourceDate "2004.01.01"]

1. d4 g6 2. g3 Bg7 3. Bg2 d6 4. e4 Nf6 5. Ne2 O-O 6. O-O e5 7. Nbc3 Nbd7 8. h3
Re8 9. Be3 exd4 10. Bxd4 Nb6 11. a4 c5 12. Be3 Bd7 13. Qxd6 Nc4 14. Qxc5 Rc8
15. Qxa7 b6 16. Bf4 g5 17. Bxg5 Re5 18. Bxf6 Bxf6 19. Nb5 Re7 20. Rad1 Be5 21.
Nec3 f6 22. b3 Qe8 23. Nd5 Rf7 24. bxc4 Bxb5 25. Qxb6 Bxc4 26. Rfe1 Qxa4 27.
Qe6 Re8 28. Qg4+ Rg7 29. Qf5 Qxc2 30. Nxf6+ Bxf6 31. Qxf6 Rf7 32. Qg5+ Kh8 33.
Qd2 1-0

[Event "6. Copenhagen Open Politiken Cup"]
[Site "Copenhagen"]
[Date "1984.??.??"]
[Round "2"]
[White "Berg, Klaus"]
[Black "Lindberg, Bengt"]
[Result "1/2-1/2"]
[WhiteElo "2400"]
[BlackElo "2265"]
[PlyCount "68"]
[EventDate "1984.??.??"]
[EventType "swiss"]
[EventRounds "10"]
[EventCountry "DEN"]
[SourceDate "2004.01.01"]

1. Nf3 Nf6 2. c4 g6 3. Nc3 Bg7 4. e4 d6 5. d4 O-O 6. Be2 Nbd7 7. O-O e5 8. Qc2
a5 9. Rd1 exd4 10. Nxd4 Re8 11. Bg5 c6 12. f3 Qc7 13. Kh1 Nc5 14. Qd2 Nfd7 15.
Be3 a4 16. Rab1 Ne5 17. h3 Qe7 18. Re1 Ne6 19. f4 Nd7 20. Bf3 Ndc5 21. Nf5 gxf5
22. exf5 Qf8 23. fxe6 Bxe6 24. b3 axb3 25. Bxc5 bxa2 26. Nxa2 dxc5 27. Qc2 Bc8
28. Nc3 Ra3 29. Ne4 f5 30. Nxc5 Rxe1+ 31. Rxe1 Qxc5 32. Re8+ Bf8 33. Rxc8 Ra1+
34. Kh2 Qg1+ 1/2-1/2

[Event "6. Copenhagen Open Politiken Cup"]
[Site "Copenhagen"]
[Date "1984.??.??"]
[Round "2"]
[White "Bjarnason, Saevar"]
[Black "Kristensen, Leif Sogaard"]
[Result "1/2-1/2"]
[WhiteElo "2375"]
[BlackElo "2220"]
[PlyCount "151"]
[EventDate "1984.??.??"]
[EventType "swiss"]
[EventRounds "10"]
[EventCountry "DEN"]
[SourceDate "2004.01.01"]

1. e4 d5 2. exd5 Qxd5 3. d4 e5 4. dxe5 Qxe5+ 5. Be2 Nc6 6. Nf3 Qd6 7. Bd2 Bg4
8. Na3 O-O-O 9. Nc4 Qc5 10. Ne3 Bh5 11. b4 Nxb4 12. Rb1 Nf6 13. Qc1 Nbd5 14.
Nxd5 Qxd5 15. O-O Bc5 16. c4 Qe4 17. Bd1 Rhe8 18. Rb5 Qc6 19. Bf4 Ne4 20. Be3
a6 21. Rb3 Qd6 22. Re1 f5 23. Qb1 b6 24. Bc2 Bxf3 25. gxf3 Nd2 26. Bxf5+ Kb8
27. Bxd2 Qxd2 28. Rxe8 Qxf2+ 29. Kh1 Rxe8 30. Be4 Rd8 31. Rb2 Qe3 32. Qf1 h6
33. Rb3 Qd2 34. Rd3 Rxd3 35. Qxd3 Qg5 36. Qd1 Ka7 37. Qe1 Bd6 38. Bd5 Qf4 39.
Qe2 g5 40. Kg1 Qc1+ 41. Kg2 h5 42. Qe8 Qb2+ 43. Kf1 Qa1+ 44. Kg2 Qxa2+ 45. Kf1
Qa1+ 46. Kg2 Qb2+ 47. Kf1 Qc1+ 48. Ke2 Qc2+ 49. Ke1 Qc3+ 50. Kf1 Qd3+ 51. Ke1
Qb1+ 52. Ke2 Qa2+ 53. Kf1 Qa1+ 54. Kg2 Qb2+ 55. Kf1 Qb1+ 56. Ke2 Qc2+ 57. Ke1
Qc3+ 58. Kf1 Qd3+ 59. Ke1 Bb4+ 60. Kf2 Bc5+ 61. Kg2 Qc2+ 62. Kh3 Qf5+ 63. Kg2
Qc2+ 64. Kh3 Qf5+ 65. Kg2 Qf8 66. Qc6 Qc8 67. h3 h4 68. Be4 Be3 69. Kf1 Bf4 70.
Ke2 Qb8 71. Kd3 b5 72. c5 b4 73. Kc2 b3+ 74. Kb1 Be5 75. Bd5 Qc8 76. Be4
1/2-1/2

[Event "6. Copenhagen Open Politiken Cup"]
[Site "Copenhagen"]
[Date "1984.??.??"]
[Round "2"]
[White "Brinck Claussen, Bjorn"]
[Black "Jacoby, Gisbert"]
[Result "1/2-1/2"]
[WhiteElo "2370"]
[BlackElo "2245"]
[PlyCount "30"]
[EventDate "1984.??.??"]
[EventType "swiss"]
[EventRounds "10"]
[EventCountry "DEN"]
[SourceDate "2004.01.01"]

1. d4 Nf6 2. c4 e6 3. Nc3 Bb4 4. Qc2 c5 5. dxc5 Bxc5 6. Nf3 d5 7. Bg5 dxc4 8.
e3 h6 9. Bh4 a6 10. Bxc4 b5 11. Bb3 Nbd7 12. Rd1 Qb6 13. a4 Bb7 14. axb5 axb5
15. O-O Qc6 1/2-1/2

[Event "6. Copenhagen Open Politiken Cup"]
[Site "Copenhagen"]
[Date "1984.??.??"]
[Round "2"]
[White "Cramling, Dan"]
[Black "Hartung Nielsen, Jens"]
[Result "1-0"]
[WhiteElo "2380"]
[BlackElo "2240"]
[PlyCount "81"]
[EventDate "1984.??.??"]
[EventType "swiss"]
[EventRounds "10"]
[EventCountry "DEN"]
[SourceDate "2004.01.01"]

1. c4 e6 2. Nc3 d5 3. d4 c5 4. Nf3 Nc6 5. cxd5 exd5 6. g3 c4 7. Bg2 Bb4 8. O-O
Nge7 9. e4 dxe4 10. Nxe4 O-O 11. Qc2 Bf5 12. Nh4 Nxd4 13. Qxc4 Ndc6 14. Nf6+
Kh8 15. Nxf5 Nxf5 16. Nd5 Ba5 17. Rd1 Rc8 18. Qg4 Nd6 19. b4 Bc7 20. Bb2 f6 21.
Nf4 Qe7 22. Bd5 Nf7 23. Bxf7 Qxf7 24. Rd7 Qg8 25. Nh5 Ne5 26. Qxg7+ Qxg7 27.
Rxg7 Nd3 28. Bd4 Be5 29. Rd1 Bxd4 30. Rxd3 Rfd8 31. Rxb7 Bxf2+ 32. Kg2 Bd4 33.
Rxd4 Rxd4 34. Nxf6 Rh4 35. gxh4 Rc2+ 36. Kg3 Rc3+ 37. Kf4 Rc4+ 38. Kg5 h6+ 39.
Kg6 Rg4+ 40. Nxg4 h5 41. Rb8# 1-0

[Event "6. Copenhagen Open Politiken Cup"]
[Site "Copenhagen"]
[Date "1984.??.??"]
[Round "2"]
[White "Davies, Nigel"]
[Black "Knoppert, Erik G J"]
[Result "1-0"]
[WhiteElo "2340"]
[BlackElo "2245"]
[PlyCount "109"]
[EventDate "1984.??.??"]
[EventType "swiss"]
[EventRounds "10"]
[EventCountry "DEN"]
[SourceDate "2004.01.01"]

1. d4 Nf6 2. Nf3 c5 3. d5 d6 4. Nc3 g6 5. e4 Bg7 6. Bb5+ Bd7 7. a4 O-O 8. O-O
Na6 9. Re1 Nc7 10. Bf1 a6 11. a5 Nb5 12. Nb1 Bg4 13. h3 Bxf3 14. Qxf3 e6 15. c3
Re8 16. Rd1 exd5 17. exd5 Nd7 18. Nd2 Bh6 19. Qg3 Qg5 20. Qxg5 Bxg5 21. Nc4
Bxc1 22. Raxc1 Ne5 23. Nb6 Rad8 24. Re1 g5 25. Re3 f5 26. Rce1 Kf7 27. Be2 Kf6
28. Bh5 Rg8 29. Nc4 f4 30. Re4 Nxc4 31. Rxc4 Nc7 32. Rce4 Rd7 33. Bg4 Rf7 34.
Be6 Nxe6 35. Rxe6+ Kg7 36. Rxd6 c4 37. Re5 Kh8 38. Rb6 g4 39. hxg4 Rxg4 40. f3
Rg8 41. d6 Rfg7 42. Re2 h5 43. Rd2 Rd8 44. Rb4 Rgd7 45. Rxc4 Rxd6 46. Rxd6 Rxd6
47. Rxf4 Rd5 48. Rb4 Rxa5 49. Rxb7 Rd5 50. c4 Rd2 51. b4 Rc2 52. c5 Rc4 53. Kh2
Kg8 54. Kh3 h4 55. Rb6 1-0

[Event "6. Copenhagen Open Politiken Cup"]
[Site "Copenhagen"]
[Date "1984.??.??"]
[Round "2"]
[White "De Boer, Gert Jan"]
[Black "Hartman, Christer"]
[Result "0-1"]
[WhiteElo "2340"]
[BlackElo "2210"]
[PlyCount "112"]
[EventDate "1984.??.??"]
[EventType "swiss"]
[EventRounds "10"]
[EventCountry "DEN"]
[SourceDate "2004.01.01"]

1. d4 d5 2. c4 dxc4 3. e3 Nf6 4. Bxc4 e6 5. Nf3 c5 6. O-O a6 7. a4 Nc6 8. Qe2
cxd4 9. Rd1 Be7 10. exd4 O-O 11. Nc3 Nd5 12. Bd3 Ncb4 13. Bb1 Bd7 14. Qe4 g6
15. Bh6 Re8 16. Ne5 Bc6 17. Qg4 f5 18. Qg3 Bh4 19. Qh3 Bf6 20. Re1 Bg5 21. Nxc6
bxc6 22. Bxg5 Qxg5 23. Rd1 a5 24. Qg3 Qxg3 25. hxg3 Red8 26. Ne2 Kf7 27. Rc1
Ke7 28. Ra3 Kd6 29. Bd3 Nxd3 30. Rxd3 Rdb8 31. b3 Rb4 32. Rc4 Rab8 33. Rxb4
Rxb4 34. f3 c5 35. dxc5+ Kxc5 36. Kf2 e5 37. Nc1 e4 38. fxe4 fxe4 39. Rd1 Rd4
40. Rh1 Rd2+ 41. Ke1 Rxg2 42. Ne2 h5 43. Rh4 e3 44. Rc4+ Kb6 45. Rd4 Rh2 46.
Nf4 Nc3 47. Nd5+ Kc5 48. Rc4+ Kxd5 49. Rxc3 Kd4 50. Rc6 g5 51. Rg6 Kd3 52. Rd6+
Ke4 53. Rg6 Kf3 54. Rf6+ Kxg3 55. Rf5 g4 56. Rxa5 h4 0-1

[Event "6. Copenhagen Open Politiken Cup"]
[Site "Copenhagen"]
[Date "1984.??.??"]
[Round "2"]
[White "Fedder, Steen"]
[Black "Grooten, Herman"]
[Result "1/2-1/2"]
[WhiteElo "2420"]
[BlackElo "2305"]
[PlyCount "81"]
[EventDate "1984.??.??"]
[EventType "swiss"]
[EventRounds "10"]
[EventCountry "DEN"]
[SourceDate "2004.01.01"]

1. d4 Nf6 2. c4 e6 3. Nc3 Bb4 4. Qc2 O-O 5. Nf3 c5 6. dxc5 Nc6 7. Bg5 h6 8. Bh4
Bxc5 9. e3 b6 10. Rd1 Bb7 11. Be2 Rc8 12. O-O Be7 13. b3 a6 14. Qd2 d5 15. cxd5
Nb4 16. d6 Bxd6 17. Qxd6 Qxd6 18. Rxd6 Rxc3 19. Bxf6 gxf6 20. Rxb6 Bxf3 21.
gxf3 Nxa2 22. Bxa6 Rd8 23. f4 f5 24. Be2 Nc1 25. Bd1 Rd2 26. Rb7 f6 27. Bh5 e5
28. Kh1 Ne2 29. Bxe2 Rxe2 30. fxe5 fxe5 31. Rd1 Rc8 32. Kg2 f4 33. Kf3 Rb2 34.
Rd6 e4+ 35. Kxe4 fxe3 36. fxe3 Rxh2 37. Rg6+ Kf8 38. Rf6+ Kg8 39. Rg6+ Kf8 40.
b4 Re8+ 41. Kd4 1/2-1/2

[Event "6. Copenhagen Open Politiken Cup"]
[Site "Copenhagen"]
[Date "1984.??.??"]
[Round "2"]
[White "Heyken, Enno"]
[Black "Auchenberg, Per"]
[Result "1-0"]
[WhiteElo "2300"]
[BlackElo "2240"]
[PlyCount "45"]
[EventDate "1984.??.??"]
[EventType "swiss"]
[EventRounds "10"]
[EventCountry "DEN"]
[SourceDate "2004.01.01"]

1. e4 c5 2. Nf3 d6 3. d4 cxd4 4. Nxd4 Nf6 5. Nc3 Nc6 6. Be3 g6 7. f3 Bg7 8. Qd2
O-O 9. O-O-O Nxd4 10. Bxd4 Be6 11. Kb1 a6 12. g4 b5 13. Nd5 Bxd5 14. exd5 Qc7
15. h4 Rfc8 16. h5 Ne4 17. Qh2 Bxd4 18. Rxd4 Nf6 19. hxg6 fxg6 20. Bd3 Rf8 21.
Qh6 Rf7 22. g5 Qc5 23. Rdh4 1-0

[Event "6. Copenhagen Open Politiken Cup"]
[Site "Copenhagen"]
[Date "1984.??.??"]
[Round "2"]
[White "Hoi, Carsten"]
[Black "Fuller, Maxwell"]
[Result "1-0"]
[WhiteElo "2400"]
[BlackElo "2335"]
[PlyCount "84"]
[EventDate "1984.??.??"]
[EventType "swiss"]
[EventRounds "10"]
[EventCountry "DEN"]
[SourceDate "2004.01.01"]

1. d4 Nf6 2. c4 c6 3. Nc3 d5 4. e3 g6 5. Nf3 Bg7 6. Be2 O-O 7. O-O Bg4 8. h3
Bxf3 9. Bxf3 e6 10. Qe2 Nbd7 11. Rd1 Re8 12. Bd2 e5 13. dxe5 Nxe5 14. cxd5
Nxf3+ 15. Qxf3 Nxd5 16. Be1 Qb6 17. Nxd5 cxd5 18. Qxd5 Rad8 19. Qb3 Qxb3 20.
axb3 Bxb2 21. Rab1 Bf6 22. Kf1 Rxd1 23. Rxd1 Rd8 24. Rc1 Rd3 25. b4 b5 26. Rc5
a6 27. Rc6 Be7 28. Rxa6 Rd1 29. Ke2 Rb1 30. Bc3 f5 31. Rb6 Rb3 32. Bd2 Kf7 33.
Rxb5 Ke6 34. Rb7 h5 35. Rb6+ Bd6 36. e4 Rb2 37. exf5+ gxf5 38. Kd3 Kd5 39. Rb7
Rb3+ 40. Kc2 Ra3 41. Rb5+ Ke4 42. Ra5 Rd3 1-0

[Event "6. Copenhagen Open Politiken Cup"]
[Site "Copenhagen"]
[Date "1984.??.??"]
[Round "2"]
[White "Kristiansen, Jens"]
[Black "Schandorff, Lars"]
[Result "1-0"]
[WhiteElo "2450"]
[BlackElo "2310"]
[PlyCount "47"]
[EventDate "1984.??.??"]
[EventType "swiss"]
[EventRounds "10"]
[EventCountry "DEN"]
[SourceDate "2004.01.01"]

1. e4 c5 2. Nf3 d6 3. d4 cxd4 4. Nxd4 Nf6 5. Nc3 a6 6. Bd3 Nc6 7. Nxc6 bxc6 8.
O-O g6 9. f4 Bg7 10. Qe1 O-O 11. Qh4 d5 12. e5 Ne4 13. Bxe4 dxe4 14. Be3 f6 15.
Rad1 Qa5 16. Nxe4 Qb4 17. f5 Qxb2 18. fxg6 hxg6 19. exf6 exf6 20. Bd4 g5 21.
Qh5 Qxc2 22. Qg6 Kh8 23. Rd2 Qc4 24. Nxf6 1-0

[Event "6. Copenhagen Open Politiken Cup"]
[Site "Copenhagen"]
[Date "1984.??.??"]
[Round "2"]
[White "Lengyel, Levente"]
[Black "Hvenekilde, Jorgen"]
[Result "1/2-1/2"]
[WhiteElo "2415"]
[BlackElo "2290"]
[PlyCount "54"]
[EventDate "1984.??.??"]
[EventType "swiss"]
[EventRounds "10"]
[EventCountry "DEN"]
[SourceDate "2004.01.01"]

1. d4 Nf6 2. Nf3 g6 3. Bg5 Bg7 4. Nbd2 d5 5. e3 O-O 6. c3 b6 7. b4 c5 8. Be2
Ba6 9. b5 Bb7 10. O-O a6 11. a4 axb5 12. axb5 Nbd7 13. Qb3 h6 14. Bh4 g5 15.
Bg3 Nh5 16. Rxa8 Bxa8 17. Ra1 Nxg3 18. hxg3 Qb8 19. g4 Bb7 20. Nf1 Qc7 21. Ng3
Ra8 22. Rxa8+ Bxa8 23. Qa2 Bb7 24. Bd3 e6 25. Nh5 Bh8 26. Bb1 Qb8 27. g3 Qc7
1/2-1/2

[Event "6. Copenhagen Open Politiken Cup"]
[Site "Copenhagen"]
[Date "1984.??.??"]
[Round "2"]
[White "Matulovic, Milan"]
[Black "Petersen, Finn"]
[Result "1-0"]
[WhiteElo "2465"]
[BlackElo "2320"]
[PlyCount "59"]
[EventDate "1984.??.??"]
[EventType "swiss"]
[EventRounds "10"]
[EventCountry "DEN"]
[SourceDate "2004.01.01"]

1. e4 c5 2. Nf3 g6 3. d4 Bg7 4. d5 d6 5. Nc3 Nf6 6. Bb5+ Bd7 7. a4 a6 8. Be2
Bg4 9. Nd2 Bxe2 10. Qxe2 O-O 11. Nc4 b6 12. O-O Ra7 13. Bg5 Rb7 14. f4 b5 15.
axb5 axb5 16. Na5 Rb6 17. Nxb5 Nxe4 18. Qxe4 f6 19. Nc6 Nxc6 20. dxc6 fxg5 21.
fxg5 Re8 22. c4 Qc8 23. c7 e6 24. Ra7 d5 25. Qf4 Rf8 26. Qc1 dxc4 27. Rxf8+
Bxf8 28. Qxc4 Qd7 29. Ra8 Rc6 30. Qf1 1-0

[Event "6. Copenhagen Open Politiken Cup"]
[Site "Copenhagen"]
[Date "1984.??.??"]
[Round "2"]
[White "Moe, Mogens"]
[Black "Sorensen, Henrik"]
[Result "1/2-1/2"]
[WhiteElo "2350"]
[BlackElo "2250"]
[PlyCount "80"]
[EventDate "1984.??.??"]
[EventType "swiss"]
[EventRounds "10"]
[EventCountry "DEN"]
[SourceDate "2004.01.01"]

1. e4 c6 2. d4 d5 3. Nc3 dxe4 4. Nxe4 Nf6 5. Nxf6+ gxf6 6. Bc4 Bf5 7. Ne2 h5 8.
c3 e6 9. Ng3 Bg6 10. h4 Bd6 11. Qf3 Nd7 12. Ne4 Bxe4 13. Qxe4 Nb6 14. Be2 Qc7
15. Bd2 O-O-O 16. O-O-O f5 17. Qf3 f4 18. c4 c5 19. dxc5 Qxc5 20. b4 Qc7 21.
Kb1 Be5 22. Qb3 Kb8 23. a4 Rc8 24. Rc1 Qd7 25. Rc2 Qxa4 26. Qxa4 Nxa4 27. c5 a6
28. Rh3 Rcd8 29. Ra3 Nb2 30. Rf3 f5 31. Bxf4 Bxf4 32. Rxf4 Nd3 33. Bxd3 Rxd3
34. Re2 Rhd8 35. Rxe6 R3d4 36. Rxd4 Rxd4 37. Re5 Rxb4+ 38. Kc2 Rxh4 39. Rxf5
Rg4 40. g3 h4 1/2-1/2

[Event "6. Copenhagen Open Politiken Cup"]
[Site "Copenhagen"]
[Date "1984.??.??"]
[Round "2"]
[White "Norgaard, Jesper"]
[Black "Jensen, Allan Astrup"]
[Result "1-0"]
[WhiteElo "2315"]
[BlackElo "2240"]
[PlyCount "65"]
[EventDate "1984.??.??"]
[EventType "swiss"]
[EventRounds "10"]
[EventCountry "DEN"]
[SourceDate "2004.01.01"]

1. Nf3 d5 2. d4 e6 3. Bf4 c5 4. e3 Nc6 5. c3 Qb6 6. Qb3 c4 7. Qc2 Nf6 8. h3 Qd8
9. Nbd2 b5 10. Be2 Bb7 11. O-O Be7 12. b3 Bd6 13. Bxd6 Qxd6 14. Rfb1 Rb8 15. a4
a6 16. e4 cxb3 17. Rxb3 dxe4 18. Ng5 b4 19. Ngxe4 Qe7 20. Nxf6+ Qxf6 21. Ne4
Qe7 22. Nc5 O-O 23. Bxa6 Bxa6 24. Nxa6 Rbc8 25. Qd3 bxc3 26. Rxc3 Nb4 27. Nxb4
Qxb4 28. Rb3 Qd6 29. a5 Rfd8 30. a6 Ra8 31. Rb7 Qc6 32. Qb5 Qc3 33. Qb2 1-0

[Event "6. Copenhagen Open Politiken Cup"]
[Site "Copenhagen"]
[Date "1984.??.??"]
[Round "2"]
[White "Poulsen, Allan"]
[Black "Nilsson, Nils Specht"]
[Result "1/2-1/2"]
[WhiteElo "2350"]
[BlackElo "2245"]
[PlyCount "69"]
[EventDate "1984.??.??"]
[EventType "swiss"]
[EventRounds "10"]
[EventCountry "DEN"]
[SourceDate "2004.01.01"]

1. e4 c5 2. Nf3 d6 3. d4 cxd4 4. Nxd4 Nf6 5. Nc3 a6 6. f4 Nbd7 7. Bd3 g6 8. Nf3
Qa5 9. O-O Bg7 10. Qe1 O-O 11. Nd5 Qd8 12. Ne3 Nc5 13. f5 b5 14. Qh4 Bb7 15.
Ng4 Nxg4 16. Qxg4 Nxd3 17. cxd3 d5 18. Bg5 dxe4 19. dxe4 h6 20. Bh4 gxf5 21.
exf5 Bxf3 22. Qxf3 Qd4+ 23. Bf2 Qxb2 24. Rae1 e6 25. Bc5 Bd4+ 26. Bxd4 Qxd4+
27. Kh1 Qf6 28. Re4 Rae8 29. Rfe1 e5 30. g4 Kh7 31. Qg3 Rg8 32. h3 Qc6 33. Kh2
f6 34. R1e3 Rc8 35. h4 1/2-1/2

[Event "6. Copenhagen Open Politiken Cup"]
[Site "Copenhagen"]
[Date "1984.??.??"]
[Round "2"]
[White "Sznapik, Aleksander"]
[Black "Berkell, Peder"]
[Result "1-0"]
[WhiteElo "2460"]
[BlackElo "2305"]
[PlyCount "57"]
[EventDate "1984.??.??"]
[EventType "swiss"]
[EventRounds "10"]
[EventCountry "DEN"]
[SourceDate "2004.01.01"]

1. e4 e5 2. Nf3 Nc6 3. Bb5 Bc5 4. O-O Nf6 5. c3 O-O 6. d4 Bb6 7. Bg5 h6 8. Bh4
d6 9. Bxc6 bxc6 10. dxe5 dxe5 11. Nbd2 Bg4 12. Qa4 g5 13. Bg3 Nd7 14. Qxc6 f6
15. Nc4 Bxf3 16. gxf3 Qe7 17. Rfd1 Rad8 18. Ne3 Nb8 19. Qa4 Rxd1+ 20. Rxd1 Rd8
21. Nf5 Rxd1+ 22. Qxd1 Qf8 23. Qd5+ Kh7 24. Qe6 Na6 25. Qd7+ Kg6 26. Ne7+ Kf7
27. Nd5+ Kg6 28. Qf5+ Kg7 29. Nxf6 1-0

[Event "6. Copenhagen Open Politiken Cup"]
[Site "Copenhagen"]
[Date "1984.??.??"]
[Round "2"]
[White "Tompa, Janos"]
[Black "Carl, Manfred"]
[Result "1/2-1/2"]
[WhiteElo "2420"]
[BlackElo "2230"]
[PlyCount "39"]
[EventDate "1984.??.??"]
[EventType "swiss"]
[EventRounds "10"]
[EventCountry "DEN"]
[SourceDate "2004.01.01"]

1. e4 e6 2. d4 d5 3. Nd2 Nf6 4. e5 Nfd7 5. Bd3 b6 6. Qe2 a5 7. Ngf3 Ba6 8. Bxa6
Nxa6 9. O-O c5 10. b3 Nc7 11. a4 Be7 12. Bb2 Qc8 13. Qe3 h6 14. Ne1 Qa6 15. c4
cxd4 16. Bxd4 Nc5 17. Nc2 Qb7 18. Na3 O-O 19. Rfd1 Rad8 20. Nb5 1/2-1/2

[Event "6. Copenhagen Open Politiken Cup"]
[Site "Copenhagen"]
[Date "1984.??.??"]
[Round "2"]
[White "Van der Sterren, Paul"]
[Black "Pokojowczyk, Jerzy"]
[Result "1-0"]
[WhiteElo "2475"]
[BlackElo "2370"]
[PlyCount "53"]
[EventDate "1984.??.??"]
[EventType "swiss"]
[EventRounds "10"]
[EventCountry "DEN"]
[SourceDate "2004.01.01"]

1. d4 Nf6 2. c4 e6 3. Nf3 c5 4. d5 exd5 5. cxd5 g6 6. Nc3 Bg7 7. Bf4 d6 8. Qa4+
Bd7 9. Qb3 Qc7 10. e4 O-O 11. Nd2 Nh5 12. Be3 f5 13. exf5 gxf5 14. Be2 f4 15.
Bxc5 f3 16. Bxf3 Rxf3 17. gxf3 Qxc5 18. Qxb7 Bxc3 19. bxc3 Qxc3 20. O-O Bh3 21.
Kh1 Bxf1 22. Rxf1 Qxd2 23. Qc8+ Kf7 24. Qe6+ Kf8 25. Rg1 Ng7 26. Qf6+ Ke8 27.
Rxg7 1-0

[Event "6. Copenhagen Open Politiken Cup"]
[Site "Copenhagen"]
[Date "1984.??.??"]
[Round "2"]
[White "Wedberg, Tom"]
[Black "Wockenfuss, Klaus"]
[Result "1/2-1/2"]
[WhiteElo "2495"]
[BlackElo "2310"]
[PlyCount "68"]
[EventDate "1984.??.??"]
[EventType "swiss"]
[EventRounds "10"]
[EventCountry "DEN"]
[SourceDate "2004.01.01"]

1. e4 d6 2. d4 g6 3. Nf3 Nf6 4. Nbd2 Bg7 5. c3 O-O 6. Be2 Nc6 7. Qc2 e5 8. dxe5
dxe5 9. Nc4 Nh5 10. O-O Nf4 11. Ne3 Nxe2+ 12. Qxe2 Be6 13. Rd1 Qe7 14. Nd5 Bxd5
15. Rxd5 Rfd8 16. Bg5 f6 17. Be3 Rxd5 18. exd5 Nd8 19. c4 Nf7 20. Rd1 f5 21. c5
f4 22. Bxf4 Qxc5 23. Be3 Qa5 24. Qc4 Nd6 25. Qh4 Nf5 26. Qc4 Nd6 27. Qc2 Nf5
28. Qb3 Nd6 29. Rc1 Rc8 30. h4 Qb5 31. Qxb5 Nxb5 32. Kf1 h6 33. a4 Nd6 34. Bc5
Ne8 1/2-1/2

[Event "6. Copenhagen Open Politiken Cup"]
[Site "Copenhagen"]
[Date "1984.??.??"]
[Round "2"]
[White "Westerinen, Heikki"]
[Black "Reinert, Mads"]
[Result "1-0"]
[WhiteElo "2385"]
[BlackElo "2330"]
[PlyCount "81"]
[EventDate "1984.??.??"]
[EventType "swiss"]
[EventRounds "10"]
[EventCountry "DEN"]
[SourceDate "2004.01.01"]

1. e4 c5 2. f4 e6 3. Nf3 d5 4. Bb5+ Nc6 5. exd5 exd5 6. O-O Bd6 7. d3 Nge7 8.
c4 d4 9. Ng5 O-O 10. Nd2 Bf5 11. Bxc6 Nxc6 12. Nge4 Re8 13. a3 b6 14. Qf3 Qd7
15. h3 Qc7 16. g4 Bc8 17. Nxd6 Qxd6 18. Ne4 Qe7 19. Bd2 Bb7 20. Rae1 Qd7 21.
Qg3 f6 22. b4 cxb4 23. axb4 a5 24. bxa5 Nxa5 25. Bxa5 Rxa5 26. g5 Bxe4 27. Rxe4
Rxe4 28. dxe4 d3 29. gxf6 Qd4+ 30. Qf2 Qxf6 31. e5 Qc6 32. Rd1 Qxc4 33. Qxb6
Ra8 34. Qe3 Rd8 35. e6 Qd4 36. Kf2 Qxe3+ 37. Kxe3 Kf8 38. Rxd3 Rxd3+ 39. Kxd3
Ke7 40. f5 Kf6 41. Ke4 1-0

[Event "6. Copenhagen Open Politiken Cup"]
[Site "Copenhagen"]
[Date "1984.??.??"]
[Round "3"]
[White "Barczay, Laszlo"]
[Black "Heyken, Enno"]
[Result "1/2-1/2"]
[WhiteElo "2410"]
[BlackElo "2300"]
[PlyCount "130"]
[EventDate "1984.??.??"]
[EventType "swiss"]
[EventRounds "10"]
[EventCountry "DEN"]
[SourceDate "2004.01.01"]

1. e4 e6 2. d4 d5 3. Nd2 Nf6 4. e5 Nfd7 5. c3 c5 6. Bd3 Nc6 7. Ne2 cxd4 8. cxd4
f6 9. exf6 Nxf6 10. O-O Bd6 11. Nf3 O-O 12. Bg5 Bd7 13. Bh4 Be8 14. Ng5 Qd7 15.
f4 Bh5 16. Qd2 Bc7 17. f5 Bxe2 18. fxe6 Qd6 19. Bg3 Qb4 20. Qxb4 Nxb4 21. Bxe2
Bxg3 22. hxg3 Nc2 23. Rac1 Nxd4 24. Bf3 h6 25. Rfd1 Nf5 26. Nh3 Rac8 27. Bxd5
Nxd5 28. Rxc8 Rxc8 29. Rxd5 Rc1+ 30. Kf2 Rf1+ 31. Kxf1 Ne3+ 32. Ke2 Nxd5 33.
Nf4 Nc7 34. Ke3 g5 35. Nd3 Nxe6 36. Ke4 Kf7 37. Ke5 Ng7 38. Nc5 b6 39. Ne4 Nh5
40. Nd6+ Kg6 41. Nc8 Nxg3 42. Nxa7 Ne2 43. a4 Nf4 44. Nc8 Nxg2 45. Nxb6 Nf4 46.
a5 Nd3+ 47. Kd4 Nb4 48. Ke4 Kh5 49. Nd5 Nxd5 50. Kxd5 g4 51. Ke4 Kh4 52. a6 g3
53. Kf3 Kh3 54. a7 g2 55. a8=Q g1=Q 56. Qc8+ Kh4 57. Qc4+ Kh5 58. b4 Qh1+ 59.
Ke3 Qg1+ 60. Ke4 Qg2+ 61. Kd4 Qf2+ 62. Kc3 Qe1+ 63. Kb3 Qd1+ 64. Qc2 Qf3+ 65.
Ka2 Qd5+ 1/2-1/2

[Event "6. Copenhagen Open Politiken Cup"]
[Site "Copenhagen"]
[Date "1984.??.??"]
[Round "3"]
[White "Berkell, Peder"]
[Black "Moe, Mogens"]
[Result "1/2-1/2"]
[WhiteElo "2305"]
[BlackElo "2350"]
[PlyCount "115"]
[EventDate "1984.??.??"]
[EventType "swiss"]
[EventRounds "10"]
[EventCountry "DEN"]
[SourceDate "2004.01.01"]

1. d4 Nf6 2. Nf3 g6 3. Bg5 Ne4 4. Bf4 c5 5. Nbd2 d5 6. dxc5 Nxc5 7. Nb3 Nc6 8.
g3 Na4 9. Qc1 Bg7 10. c3 Bg4 11. Bg2 Rc8 12. O-O d4 13. Rd1 Qb6 14. Nfxd4 Nxd4
15. Nxd4 Nxb2 16. Rb1 Nxd1 17. Rxb6 Nxc3 18. Rc6 bxc6 19. Qxc3 c5 20. Qd2 cxd4
21. h3 Be6 22. Bh6 Bxh6 23. Qxh6 f6 24. Qf4 Rd8 25. Qc7 Bxa2 26. Qxa7 Be6 27.
Qc7 Kf7 28. Qf4 Rd6 29. Qh6 Bd5 30. h4 Bxg2 31. Kxg2 e5 32. Qc1 Rhd8 33. h5
gxh5 34. Qh6 Kg8 35. Qxh5 Kh8 36. Qf5 Re8 37. f3 Rb6 38. Kf2 Rbe6 39. g4 Kg7
40. g5 fxg5 41. Qxg5+ Rg6 42. Qf5 Re7 43. Ke1 h6 44. f4 exf4 45. Qxf4 Rd7 46.
Qf5 Rdd6 47. Qe5+ Kf7 48. Qf5+ Ke7 49. Qe5+ Rge6 50. Qg7+ Kd8 51. Kd2 Re7 52.
Qf8+ Kd7 53. Qf5+ Ke8 54. Qh5+ Kf8 55. Qf5+ Kg7 56. Qg4+ Kf7 57. Qf4+ Ke6 58.
Qxh6+ 1/2-1/2

[Event "6. Copenhagen Open Politiken Cup"]
[Site "Copenhagen"]
[Date "1984.??.??"]
[Round "3"]
[White "Brondum, Eric"]
[Black "Iskov, Gert"]
[Result "1/2-1/2"]
[WhiteElo "2260"]
[BlackElo "2370"]
[PlyCount "66"]
[EventDate "1984.??.??"]
[EventType "swiss"]
[EventRounds "10"]
[EventCountry "DEN"]
[SourceDate "2004.01.01"]

1. d4 Nf6 2. Nf3 d6 3. c4 g6 4. Nc3 Bg7 5. e4 O-O 6. Be2 Nbd7 7. O-O e5 8. d5
Nc5 9. Nd2 a5 10. Rb1 Ne8 11. b3 f5 12. a3 Nf6 13. b4 axb4 14. axb4 Ncxe4 15.
Ndxe4 Nxe4 16. Nxe4 fxe4 17. Be3 Ra2 18. Ra1 Rxa1 19. Qxa1 Bf6 20. Qc1 Bf5 21.
Qd2 Qa8 22. Qb2 Qd8 23. Qd2 Qa8 24. Qb2 h5 25. Ra1 Qc8 26. Ra7 h4 27. h3 g5 28.
Qd2 g4 29. hxg4 Bxg4 30. Qd1 Bf5 31. Kh2 Kh8 32. c5 Rg8 33. Qc1 Be7 1/2-1/2

[Event "6. Copenhagen Open Politiken Cup"]
[Site "Copenhagen"]
[Date "1984.??.??"]
[Round "3"]
[White "Carl, Manfred"]
[Black "Kristiansen, Jens"]
[Result "0-1"]
[WhiteElo "2230"]
[BlackElo "2450"]
[PlyCount "65"]
[EventDate "1984.??.??"]
[EventType "swiss"]
[EventRounds "10"]
[EventCountry "DEN"]
[SourceDate "2004.01.01"]

1. d4 Nf6 2. Nf3 d6 3. h3 c6 4. c3 Bf5 5. Bf4 Nbd7 6. Nbd2 h6 7. e3 e6 8. Bc4
Be7 9. Qe2 O-O 10. O-O d5 11. Bd3 Bxd3 12. Qxd3 c5 13. Ne5 Nxe5 14. Bxe5 Rc8
15. dxc5 Nd7 16. Bd6 Nxc5 17. Bxe7 Nxd3 18. Bxd8 Rfxd8 19. Rab1 Rd6 20. Rfd1
Ra6 21. Nf3 Nc5 22. a3 Rb6 23. Rd4 a5 24. Kf1 Ne4 25. Rdd1 f6 26. Ke2 Rxc3 27.
Nd4 e5 28. f3 exd4 29. fxe4 Rxe3+ 30. Kf1 Rxe4 31. Rd2 Rc6 32. b3 Re3 33. a4
0-1